| 000 | 00000nam##2200000za#4500 |
| 001 | 9.648399 |
| 003 | CaOODSP |
| 005 | 20210615113057 |
| 007 | ta |
| 008 | 150407|2001||||xxc||||| f|0| 0 eng|d |
| 020 | |a0-7710-2101-1 |
| 040 | |aCaOODSP|beng |
| 043 | |an-cn--- |
| 086 | 1 |aCH4-55/2001E |
| 110 | 1 |aCanada. |bCanadian Heritage. |
| 245 | 12|aA diary between friends / |cCo-published by McClelland & Stewart and Alliance Atlantis. |
| 260 | |aToronto - Ontario : |bCanadian Heritage |c2001. |
| 300 | |a143p. : |bcoloured illus. ; |c30 cm. |
| 500 | |a"A diary between friends is a book that begins the moment thousands of passengers and crew became the "guests" of tiny hamlets in Newfoundland and Labrador, and several cities throughout Canada. It is a moving account, which connects grief and generosity with values and commitments."--Front jacket. |
| 563 | |aHardcover |
| 590 | |a02-09|b2002-03-01 |
| 690 | 07|aCanadian-American relations|2gcpds |
| 690 | 07|aInternational security|2gcpds |
| 690 | 07|aTerrorism|2gcpds |
| 775 | 08|tJournal d'une amitié / |w(CaOODSP)9.681685 |
| 776 | 0#|tA diary between friends |w(CaOODSP)9.699641 |